000 01719nam0a2200349 4500
001 RU\NLR\bibl\1697378
005 20260407150114.0
010 _a978-5-905083-34-1
_9500
021 _aRU
_b2010-76590
_95105
035 _a(NLR Aleph) 001688468
090 _a1145670
_c1145670
100 _a20101011d2010 |||y0rusy50 ca
101 0 _arus
_abak
102 _aRU
105 _ay dm |||||
200 1 _aСтерлитамакский район Республики Башкортостан
_eнаселение. Населенные пункты, XVIII-XXI вв.
_fМеждунар. союз общественных об-ний "Всемирный курултай (конгресс) башкир", Исполнительный ком.
_g[отв. ред. К. А. Аралбаев, М. В. Мурзабулатов]
210 _aУфа
_c[б. и.]
_d2010
215 _a35 с.
_cтабл.
_d20
300 _aТекст рус., башк.
320 _aБиблиогр. в тексте введ.
606 1 _aНаселение
_jСборники
_xНациональный состав
_yБашкортостан, Республика
_92607682
_3RU\NLR\auth\661544240
686 _aС73(2Р-6Б-5Сте)7,0
_2rubbk
686 _aС73(2Р-6Б)-234я43
702 1 _4340
_7ca
_8rus
_aАралбаев
_bК. А.
_f1941-
_gКадим Абдулгалимович
_977977
_3RU\NLR\AUTH\7795051
712 0 2 _4570
_aВсемирный курултай башкир
_bИсполнительный комитет
_9547307
_3RU\NLR\AUTH\8810024540
801 0 _aRU
_bРГБ
_c20101011
_grcr
801 1 _aRU
_bРГБ
_c20101011
801 2 _aRU
_bNLR
_c20101110
_grcr
942 _cBOOK
980 _aNB